000 02716nam a22002177a 4500
003 GR-AtMCL
005 20260114111058.0
006 a|||||r|||||||||||
008 s2018||||gr g ||| gre d
020 _a9789606056246
040 _bgre
_aGR-AtMCL
_dGR-AtMCL
_eAACR2
100 _aΑμυράς, Πάνος
_910265
245 0 2 _aΟ λιμός /
_cΠάνος Αμυράς
260 _aΑθήνα :
_bΔιόπτρα,
_c2018
300 _a437 σ.;
_b21 εκ.
520 _aΑθήνα, Δεκέμβριος 1941. Η πόλη έχει βυθιστεί στον εφιάλτη του μεγάλου λιμού. Ένας λοχαγός των Ες Ες, ο οποίος ερευνά μια υπόθεση για λογαριασμό του υπουργού Προπαγάνδας Γιόζεφ Γκέμπελς, δολοφονείται άγρια στο ξενοδοχείο Μεγάλη Βρεταννία. Την έρευνα της δολοφονίας αναλαμβάνει ο υπαστυνόμος Νίκος Αγραφιώτης, ο οποίος επιστρέφει στην ενεργό δράση ύστερα από το καθεστώς διαθεσιμότητας που είχε τεθεί μετά την κλοπή της σβάστικας στην Ακρόπολη. Η υπόθεση παίρνει γρήγορα απρόβλεπτες διαστάσεις και ο υπαστυνόμος θα διαπιστώσει ότι έχει εμπλακεί σε ένα φονικό παιχνίδι στο οποίο συμμετέχουν μαυραγορίτες, μέλη της δωσιλογικής κυβέρνησης, επίορκα στελέχη της Ειδικής Ασφάλειας και αξιωματικοί των Ες Ες. Μέσα από την περιπλάνησή του σε παράνομα στέκια, καζίνο και καμπαρέ αλλά και στα κολαστήρια της Γκεστάπο, θα αναζητήσει την αλήθεια, ενώ με τη βοήθεια ενός βετεράνου της αστυνομίας και μιας μυστηριώδους κοπέλας θα βρεθεί μπροστά σε ένα παράτολμο σχέδιο που θα κρίνει χιλιάδες ζωές. Ένα συναρπαστικό μυθιστόρημα, βασισμένο σε αληθινά γεγονότα, που φωτίζει την πιο σκοτεινή περίοδο της Κατοχής και αναδεικνύει άγνωστους έως τώρα πρωταγωνιστές.
650 0 _aΕλληνική λογοτεχνία
_910264
653 _aΛογοτεχνία
942 _cBK
999 _c10046
_d10046